Pays d'Amérique du plus petit au plus grand - Statistiques

Statistiques générales
  • Ce quiz a été pris 79 fois
  • Le résultat moyen est 28 sur 35
Réponses sur la Carte
Les réponses sont colorées sur une échelle allant du rouge au vert en fonction du pourcentage des utilisateurs qui les ont devinées à leur premier essai. Vous pouvez retrouver ces pourcentages ci-dessous.
 
Statistiques - réponses
Rang Superficie (en km²) Pays % Correct
4ᵉ 2 780 400 Argentine
89%
3ᵉ 8 515 770 Brésil
89%
1ᵉʳ 9 984 670 Canada
89%
2ᵉ 9 833 517 États-Unis
89%
5ᵉ 1 964 375 Mexique
89%
8ᵉ 1 098 581 Bolivie
88%
7ᵉ 1 138 910 Colombie
88%
6ᵉ 1 285 216 Pérou
88%
10ᵉ 756 102 Chili
86%
9ᵉ 912 050 Venezuela
86%
11ᵉ 406 752 Paraguay
85%
35ᵉ 261 Saint-Christophe-et-Niévès
85%
12ᵉ 283 561 Équateur
83%
13ᵉ 214 969 Guyana
83%
14ᵉ 176 215 Uruguay
83%
18ᵉ 110 860 Cuba
80%
19ᵉ 108 889 Guatemala
80%
16ᵉ 130 370 Nicaragua
80%
17ᵉ 112 090 Honduras
78%
20ᵉ 75 420 Panama
78%
25ᵉ 21 041 Salvador
78%
15ᵉ 163 820 Suriname
78%
26ᵉ 13 880 Bahamas
77%
21ᵉ 51 100 Costa Rica
77%
24ᵉ 22 966 Belize
75%
34ᵉ 344 Grenade
75%
23ᵉ 27 750 Haïti
75%
27ᵉ 10 991 Jamaïque
75%
22ᵉ 48 670 République dominicaine
75%
33ᵉ 389 Saint-Vincent-et-les-Grenadines
74%
28ᵉ 5 128 Trinité-et-Tobago
71%
31ᵉ 443 Antigua-et-Barbuda
69%
32ᵉ 430 Barbade
69%
30ᵉ 616 Sainte-Lucie
69%
29ᵉ 751 Dominique
68%
Aucun quiz correspondant
Distribution des résultats
% des personnes avec chaque résultat
Percentile par nombre de réponses
Votre historique - résultats
Vous n’avez pas pris ce quiz